| 000 | 00000nas 2200000za 4500 |
| 001 | 9.817320 |
| 003 | CaOODSP |
| 005 | 20221107142443 |
| 007 | cr ||||||||||| |
| 008 | 160510d20162016oncar p o f0 b0fre|d |
| 022 | |a2371-1787 |
| 040 | |aCaOODSP|bfre |
| 043 | |an-cn--- |
| 086 | 1 |aIu1-20F-PDF |
| 110 | 1 |aCanada. |bInnovation, sciences et développement économique Canada. |
| 222 | 0|aRapport ministériel sur le rendement |b(Canada. Innovation, science et développement économique Canada) |
| 245 | 10|aRapport ministériel sur le rendement |h[ressource électronique] / |cInnovation, Sciences et Développement économique Canada. |
| 260 | |aOttawa : |bInnovation, Sciences et Développement économique Canada, |c2016. |
| 310 | |aAnnuel |
| 362 | 0 |a2015/2016. |
| 500 | |aPublié également en anglais sous le titre: Departmental performance report. |
| 775 | 08|tDepartmental performance report |w(CaOODSP)9.817311 |
| 780 | 00|tIndustrie Canada, rapport ministériel sur le rendement |w(CaOODSP)9.504275 |
| 785 | 00|tRapport sur les résultats ministériels |w(CaOODSP)9.842313 |